Champions du monde MotoGP avec année - Mort Subite - Statistiques

Statistiques générales
  • Ce quiz a été pris 85 fois
  • Le résultat moyen est 6 sur 30
Answers on the Grid
Answers color-coded by a green-red scale on the quiz's grid according to % correct below.
M.Marquez (2014)
Lorenzo (2012)
Stoner (2007)
Mir (2020)
Quartararo (2021)
Rossi (2002)
Graham (1949)
Masetti (1952)
Duke (1955)
Surtees (1958)
Liberati (1957)
Hocking (1961)
Hailwood (1963)
Read (1974)
Agostini (1969)
Sheene (1977)
Roberts (1980)
Luchinelli (1981)
Uncini (1982)
Spencer (1983)
Lawson (1989)
Gardner (1987)
Rainey (1992)
Schwantz (1993)
Doohan (1998)
Crivillé (1999)
Roberts Jr (2000)
Hayden (2006)
Bagnaia (2023)
Martin (2024)
Rossi (2015)
Zarco (2016)
Pedrosa (2010)
Duke (1961)
A.Marquez (2025)
M.Marquez (2020)
Hayden (2004)
Mamola (1981)
Surtees (1964)
Dovizioso (2017)
Graham (1950)
Okada (1997)
Crivillé (2001)
Stoner (2008)
Mir (2022)
Bezzecchi (2023)
Hailwood (1970)
Agostini (1965)
 
Statistiques - réponses
Réponse % Correct
Quartararo (2021)
68%
Rossi (2002)
68%
Martin (2024)
43%
Mir (2020)
39%
M.Marquez (2014)
39%
Bagnaia (2023)
36%
Stoner (2007)
32%
Lorenzo (2012)
29%
Roberts Jr (2000)
29%
Crivillé (1999)
25%
Doohan (1998)
21%
Hayden (2006)
21%
Schwantz (1993)
21%
Gardner (1987)
18%
Rainey (1992)
18%
Agostini (1969)
14%
Graham (1949)
11%
Lawson (1989)
11%
Masetti (1952)
11%
Read (1974)
11%
Sheene (1977)
11%
Duke (1955)
7%
Hocking (1961)
7%
Liberati (1957)
7%
Luchinelli (1981)
7%
Spencer (1983)
7%
Surtees (1958)
7%
Uncini (1982)
7%
Hailwood (1963)
4%
Roberts (1980)
4%
Aucun quiz correspondant
Distribution des résultats
% des personnes avec chaque résultat
Percentile par nombre de réponses
Votre historique - résultats
Vous n’avez pas pris ce quiz